Welcome to the Holygrace Academy Library

Please use search bar below to get started

TOTAL CONSECRATION (Record no. 5259)

MARC details
000 -LEADER
fixed length control field 00293nam a22001217a 4500
082 ## - DEWEY DECIMAL CLASSIFICATION NUMBER
Classification number 200
Item number SAI/P
100 ## - MAIN ENTRY--AUTHOR NAME
Personal name SAINT LOUIS MARIE DE MONTFORT
245 ## - TITLE STATEMENT
Title TOTAL CONSECRATION
260 ## - PUBLICATION, DISTRIBUTION, ETC. (IMPRINT)
Place of publication NEWYORK
Name of publisher MONTFORE PUBLICATIONS
Year of publication 2005
300 ## - PHYSICAL DESCRIPTION
Number of Pages 86
650 ## - SUBJECT ADDED ENTRY--TOPICAL TERM
Topical Term RELIGIOUS
Geographic subdivision UNITED STATES
942 ## - ADDED ENTRY ELEMENTS (KOHA)
Koha item type Books
Holdings
Withdrawn status Lost status Collection code Home library Current library Shelving location Date acquired Source of acquisition Full call number Accession Number Koha item type
    Non-fiction Main Library Main Library SHELF 15 C-RELIGIOUS 20/04/2013 purchase 200 SAI/P 07459 Books
    Non-fiction Main Library Main Library SHELF 15 C-RELIGIOUS 20/04/2013 purchase 200 SAI/P 07458 Books